Ottawa - Choix multiples - Statistiques

Statistiques générales
  • Ce quiz a été pris 1 258 fois
    1 227 depuis la dernière actualisation
  • Le résultat moyen est 5 sur 10
Statistiques - réponses
Question Réponse % Correct
De quel fleuve la rivière des Outaouais, qui longe Ottawa et délimite une portion de la frontière Ontario-Québec, est-elle un affluent ? Saint-Laurent
88%
Qu'ont en commun George-Étienne Cartier et John A. Macdonald, qui donnent leur nom à l'aéroport international d'Ottawa (Macdonald-Cartier, YOW) ? Ce sont des politiciens et pères fondateurs de la confédération
79%
Quelle ville québécoise se trouve sur la rive opposée à la ville d'Ottawa ? Gatineau
64%
Lequel de ces monuments d'Ottawa est le Parlement du Canada ?
50%
Lesquelles de ces personnalités sont nées à Ottawa ? Margaret Atwood et Justin Trudeau
45%
Quel est le nom de l'équipe de la LNH basée à Ottawa ? Sénateurs
42%
Quel était le nom de la ville, entre 1826 (année de fondation) et 1855 ? Bytown
39%
Quelle information n'est pas vraie à propos du canal Rideau ? Durant l'été, il est emprunté quotidiennement par des paquebots souhaitant rallier les grands lacs
38%
Quel festival d'Ottawa, se tenant à la mi-juillet, est parmi les plus grands festivals du Canada ? Bluesfest
34%
Quel animal est représenté par la statue Maman de Louise Bourgeois, dont on retrouve un exemplaire devant le musée des beaux-arts du Canada ? Une araignée
29%
Aucun quiz correspondant
Distribution des résultats
% des personnes avec chaque résultat
Percentile par nombre de réponses
Votre historique - résultats
Vous n’avez pas pris ce quiz depuis la dernière actualisation